000 00691nam a22002297a 4500
005 20221020142754.0
008 221020b ||||| |||| 00| 0 eng d
040 _cAL
041 _aeng
082 _223
_a364.15
_bPATR
100 _aAakar Patel and others
_960040
245 _aRights and wrongs:
_bOrdeal by fire in the killing fields of Gujarat
260 _aNew Delhi
_bEditors Guild of India
_c2002
300 _a251p.
_bPB
_c28x21cm.
650 _aGodhra Episode
_960037
650 _aGujarath Samachar
_960038
650 _aSecular Media
_960039
700 _aPATEL (Aakar)
_960041
700 _aPADGAONKAR (Dileep)
_960042
700 _aVERGHESE (B G)
_960043
942 _2ddc
_cGF
999 _c224893
_d224893